La estratificación social en Chile hacia fines del siglo XX /

Сохранить в:
Библиографические подробности
Главный автор: León, Arturo
Другие авторы: Martínez, Javier
Формат: Текст
Метки: Добавить метку
Нет меток, Требуется 1-ая метка записи!

MARC

LEADER 00000 a a2200000 04500
001 47252
003
040
100 |a León, Arturo  
245 |a La estratificación social en Chile hacia fines del siglo XX /  |c Arturo León y Javier Martínez  
700 |a Martínez, Javier  
773 |g páginas 303-337 : tablas  
999 |c 33866  |d 33866